000 02844cam a2200325 a 4500
003 EG-GiCUC
005 20250223031232.0
008 150527s2015 ua d f m 000 0 ara d
040 _aEG-GiCUC
_bara
_cEG-GiCUC
041 0 _aara
049 _aايداع
097 _aماجستير
099 _aCai01.05.01.M.Sc.2015.لب.ع
100 0 _aلبنى ابوالعلا محمد سالم
245 1 2 _aالعوامل المؤثرة على رضا الطلاب عن العملية التعليمية الخاصة بالجامعات الخاصة :
_bدراسة مقارنة /
_cلبنى ابوالعلا محمد سالم ؛ اشراف مصطفى مصطفى كامل
246 1 5 _aFactors affecting the students satisfaction with the educational process in private universities :
_bComparative study
260 _aالقاهرة :
_bلبنى ابوالعلا محمد سالم :
_c2015
300 _a152 ورقة :
_bرسوم بيانية ؛
_c30 سم
502 _aاطروحة (ماجستير) - جامعة القاهرة - كلية التجارة - قسم إدارة الأعمال
520 _aيواجه التعليم العالى فى مصر كثيرًا من التحديات التى تلقى بظلالها على جودة التعليم التى يتلقاها الطالب بشكل رئيسي وهو ما يؤثر بدوره على خريجى التعليم العالى إلا ان اصحاب العمل لا يجدون الخريجيج المؤهلين للعمل لديهم بالشكل الكفء والمناسب. لذا كان من الضرورى التعرف على اراء الطلاب بالجامعات وبشكل خاص الجامعات الخاصة حول مدى رضاهم عن جودة التعليم الذى يحصلون عليه: ومشكلاتهم واهم معوقات التعليم العالى: هذا بالاضافة الى مقترحاتهم نحو التطوير. و من هذا المنطلق هدفت الدراسة على التعرف على آراء طلاب الجامعات الخاصة حول قضايا التعليم العالى الخاص فى مصر و تقييم درجة رضاهم عن أوضاع التعليم بالكلية و التعرف على نقاط القوة و الضعف فى نظام التعليم العالى الخاص بمصر. مما يمكننا من تطوير الأداء و اتخاذ خطوات ايجابية نحو تحقيق التقدم فى هذا المجال
530 _aصدر ايضا كقرص مدمج
653 4 _aالجامعات الخاصة
653 4 _aالعملية التعليمية الخاصة
653 4 _aرضا الطلاب
700 0 _aمصطفى مصطفى كامل :
_eمشرف
856 _uhttp://172.23.153.220/th.pdf
905 _aMaha
_eCataloger
905 _aNazla
_eRevisor
942 _2ddc
_cTH
999 _c51061
_d51061